[Event "CrunchLab Masters Div 3 W"]
[Site "chess.com INT"]
[Date "2024.07.19"]
[Round "1.2"]
[White "Kuzubov, Yuriy"]
[Black "Lazavik, Denis"]
[Result "1-0"]
[WhiteTitle "GM"]
[BlackTitle "GM"]
[WhiteElo "2606"]
[BlackElo "2578"]
[WhiteFideId "14112906"]
[BlackFideId "13515110"]
[EventDate "2024.07.19"]
[EventType "k.o."]

1. d4 Nf6 2. c4 e6 3. Nf3 d5 4. Nc3 Be7 5. cxd5 exd5 6. Bf4 c6 7. Qc2 Nh5 8. e3
Nxf4 9. exf4 Bd6 10. g3 Bg4 11. Ne5 Qe7 12. Be2 Bxe2 13. Nxe2 f6 14. Ng4 O-O 15.
Ne3 Re8 16. O-O-O Na6 17. a3 b5 18. Kb1 Qb7 19. Nc1 Nb8 20. Nb3 a5 21. Nf5 Bf8
22. Rhe1 Rxe1 23. Rxe1 g6 24. Nc5 Qf7 25. Re7 Bxe7 26. Nh6+ Kf8 27. Nxf7 Kxf7
28. f5 Ra7 29. fxg6+ hxg6 30. h4 1-0

[Event "CrunchLab Masters Div 3 W"]
[Site "chess.com INT"]
[Date "2024.07.19"]
[Round "1.2"]
[White "Makarian, Rudik"]
[Black "Anton Guijarro, David"]
[Result "1-0"]
[WhiteTitle "IM"]
[BlackTitle "GM"]
[WhiteElo "2525"]
[BlackElo "2669"]
[WhiteFideId "44105681"]
[BlackFideId "2285525"]
[EventDate "2024.07.19"]
[EventType "k.o."]

1. c4 e6 2. Nc3 d5 3. d4 Bb4 4. Nf3 dxc4 5. e4 b5 6. a4 c6 7. Be2 Bb7 8. O-O a6
9. Qc2 Nf6 10. b3 cxb3 11. Qxb3 Be7 12. e5 Nd5 13. Nxd5 exd5 14. Bd3 Nd7 15. Qc2
Nf8 16. axb5 cxb5 17. Be3 Rc8 18. Qe2 Ne6 19. Nd2 Rc4 20. Nxc4 dxc4 21. Bc2 Qd5
22. f3 Nxd4 23. Bxd4 Qxd4+ 24. Kh1 O-O 25. Rad1 Qc5 26. e6 f5 27. Rd7 Bc6 28.
Rfd1 b4 29. Rxe7 Qxe7 30. Qxc4 Bb5 31. Qd5 g6 32. Bb3 h5 33. h3 Kh7 34. Qe5 Rc8
35. Rd6 Rc3 36. Bd5 Rd3 37. Rb6 Rd1+ 38. Kh2 Rxd5 39. Qxd5 Qc7+ 40. Qd6 Qxd6+
41. Rxd6 Kg7 42. Rd4 Kf6 43. Rxb4 Kxe6 44. Kg3 Kd5 45. Kf4 Kc5 46. Rb1 a5 47.
Kg5 a4 48. Kxg6 a3 49. Kxh5 Bd3 50. Ra1 Kb4 51. Kg5 Kb3 52. h4 Kb2 53. Rxa3 Kxa3
54. f4 Kb4 55. h5 Bc4 56. h6 Bg8 57. Kg6 1-0

[Event "CrunchLab Masters Div 3 W"]
[Site "chess.com INT"]
[Date "2024.07.19"]
[Round "1.2"]
[White "Meier, Georg"]
[Black "Bok, Benjamin"]
[Result "1/2-1/2"]
[WhiteTitle "GM"]
[BlackTitle "GM"]
[WhiteElo "2591"]
[BlackElo "2587"]
[WhiteFideId "4675789"]
[BlackFideId "1017063"]
[EventDate "2024.07.19"]
[EventType "k.o."]

1. Nf3 c5 2. c4 Nc6 3. Nc3 Nf6 4. g3 d5 5. cxd5 Nxd5 6. Bg2 g6 7. O-O Bg7 8.
Nxd5 Qxd5 9. d3 O-O 10. Be3 Bxb2 11. Rb1 Bf6 12. Qa4 Qd7 13. Qb5 b6 14. Nd2 Bb7
15. Bxc5 Rfd8 16. Rfc1 Rac8 17. Kf1 Nd4 18. Qxd7 Bxg2+ 19. Kxg2 Rxd7 20. Bxd4
Rxc1 21. Rxc1 Rxd4 22. Rc2 Kg7 23. Ne4 b5 24. f4 Ra4 25. g4 b4 26. Kf3 Ra3 27.
g5 Bd4 28. Rc4 Bc3 29. Nxc3 bxc3 30. h4 e6 31. Rc8 a5 32. Ke3 a4 33. Kf3 h5 34.
Ke3 Kh7 35. Kf3 Kg7 36. Ke3 Kh7 37. Kf2 Kg7 38. Kf3 Rxa2 39. Rxc3 Ra1 40. Rc8
Rf1+ 41. Ke4 Rf2 42. e3 a3 43. Ra8 a2 44. d4 Re2 45. Kf3 Rd2 46. Ke4 Re2 47. Kf3
Rd2 48. Ke4 Re2 1/2-1/2

[Event "CrunchLab Masters Div 3 W"]
[Site "chess.com INT"]
[Date "2024.07.19"]
[Round "1.2"]
[White "Samadov, Read"]
[Black "Erigaisi, Arjun"]
[Result "0-1"]
[WhiteTitle "IM"]
[BlackTitle "GM"]
[WhiteElo "2503"]
[BlackElo "2778"]
[WhiteFideId "13417444"]
[BlackFideId "35009192"]
[EventDate "2024.07.19"]
[EventType "k.o."]

1. d4 Nf6 2. c4 e6 3. Nf3 d5 4. Nc3 Nbd7 5. Bg5 Bb4 6. e3 c5 7. cxd5 exd5 8. Bd3
Qa5 9. Qc2 c4 10. Bf5 O-O 11. O-O Re8 12. Rfb1 g6 13. Bxd7 Nxd7 14. a3 Bxc3 15.
Qxc3 Qxc3 16. bxc3 f6 17. Bf4 b6 18. a4 Bb7 19. a5 Bc6 20. Ne1 b5 21. a6 Nb6 22.
Nc2 Na4 23. Nb4 Nxc3 24. Nxc6 Nxb1 25. Rxb1 Re6 26. Nb4 c3 27. Rc1 Rc8 28. Nxd5
Rc4 29. Kf1 Rxa6 30. Ke2 Ra2+ 31. Kd3 Rd2+ 32. Ke4 c2 33. Kf3 b4 34. e4 Rd1 35.
Ke2 b3 0-1

[Event "CrunchLab Masters Div 3 W"]
[Site "chess.com INT"]
[Date "2024.07.19"]
[Round "1.2"]
[White "Santos Latasa, Jaime"]
[Black "Blohberger, Felix"]
[Result "1-0"]
[WhiteTitle "GM"]
[BlackTitle "GM"]
[WhiteElo "2631"]
[BlackElo "2527"]
[WhiteFideId "2293307"]
[BlackFideId "1632051"]
[EventDate "2024.07.19"]
[EventType "k.o."]

1. Nf3 d5 2. e3 Nf6 3. c4 e6 4. Nc3 Bd6 5. b3 O-O 6. Bb2 Nc6 7. Nb5 e5 8. Nxd6
cxd6 9. cxd5 Nxd5 10. Be2 Be6 11. O-O h6 12. Rc1 Rc8 13. a3 a5 14. Bc4 Qe7 15.
Re1 Nb6 16. Bf1 f6 17. d3 Qf7 18. Nd2 d5 19. b4 axb4 20. axb4 Rfd8 21. b5 Na7
22. d4 e4 23. Ra1 Ra8 24. Bc3 Nac8 25. Rxa8 Nxa8 26. Qb3 b6 27. Rc1 Nc7 28. Bb4
Ne8 29. Nb1 f5 30. Nc3 Ned6 31. Qa3 Nc4 32. Bxc4 dxc4 33. Qa8 Qc7 34. Qc6 Qd7
35. h3 Kf7 36. Ra1 Kg8 37. Ra8 Kh7 38. d5 Bf7 39. Qxd7 1-0

[Event "CrunchLab Masters Div 3 W"]
[Site "chess.com INT"]
[Date "2024.07.19"]
[Round "1.2"]
[White "Sindarov, Javokhir"]
[Black "Sargsyan, Shant"]
[Result "1/2-1/2"]
[WhiteTitle "GM"]
[BlackTitle "GM"]
[WhiteElo "2674"]
[BlackElo "2649"]
[WhiteFideId "14205483"]
[BlackFideId "13306766"]
[EventDate "2024.07.19"]
[EventType "k.o."]

1. e4 e5 2. Nf3 Nc6 3. Bc4 Nf6 4. d3 Bc5 5. Nc3 h6 6. O-O O-O 7. a3 a6 8. Be3 d6
9. Bxc5 dxc5 10. Nd5 Qd6 11. Ne3 b5 12. Ba2 Nd4 13. Nd2 Be6 14. c3 Nc6 15. Bxe6
Qxe6 16. Qc2 Rfd8 17. Rfd1 Ne7 18. a4 Ng6 19. axb5 axb5 20. Rxa8 Rxa8 21. Nb3
Qc6 22. c4 b4 23. Nd5 Nd7 24. g3 Qd6 25. Rf1 c6 26. Ne3 Ne7 27. f4 Rd8 28. f5
Nf6 29. Rd1 h5 30. h3 g6 31. Qf2 Kg7 32. Kg2 Ra8 33. Rd2 Rf8 34. Qf3 Rd8 35. Kf1
Nc8 36. Ke1 Nb6 37. Kd1 Nbd7 38. Kc2 g5 39. Rd1 Ra8 40. h4 g4 41. Qf1 Kf8 42.
Ra1 Qb8 43. Qc1 Ke7 44. Nf1 Kd6 45. Nfd2 Kc7 46. Ra5 Rxa5 47. Nxa5 Qb6 48. Ndb3
Qb8 49. Nd2 1/2-1/2

[Event "CrunchLab Masters Div 3 W"]
[Site "chess.com INT"]
[Date "2024.07.19"]
[Round "1.3"]
[White "Alekseev, Evgeny"]
[Black "Gledura, Benjamin"]
[Result "1-0"]
[WhiteTitle "GM"]
[BlackTitle "GM"]
[WhiteElo "2550"]
[BlackElo "2620"]
[WhiteFideId "4138147"]
[BlackFideId "712779"]
[EventDate "2024.07.19"]
[EventType "k.o."]

1. Nf3 d5 2. e3 Bg4 3. c4 Nc6 4. cxd5 Qxd5 5. Nc3 Qh5 6. Bb5 O-O-O 7. Bxc6 bxc6
8. Qe2 Kb8 9. Ne4 Nf6 10. Ng3 Qb5 11. Qxb5+ cxb5 12. Ne5 Rd5 13. Nxf7 Rg8 14. d4
Nd7 15. f3 Be6 16. Nd8 1-0

[Event "CrunchLab Masters Div 3 W"]
[Site "chess.com INT"]
[Date "2024.07.19"]
[Round "1.3"]
[White "Anton Guijarro, David"]
[Black "Makarian, Rudik"]
[Result "1/2-1/2"]
[WhiteTitle "GM"]
[BlackTitle "IM"]
[WhiteElo "2669"]
[BlackElo "2525"]
[WhiteFideId "2285525"]
[BlackFideId "44105681"]
[EventDate "2024.07.19"]
[EventType "k.o."]

1. c4 e6 2. Nc3 d5 3. d4 Nf6 4. Bg5 dxc4 5. e3 a6 6. Bxc4 c5 7. Nf3 b5 8. Bd3
Bb7 9. Bxf6 gxf6 10. Be4 Bxe4 11. Nxe4 cxd4 12. Qxd4 Qxd4 13. Nxd4 f5 14. Nf6+
Ke7 15. Nh5 Bh6 16. Rc1 Rd8 17. Ke2 Ra7 18. f4 Rad7 19. h3 Kf8 20. Kf3 Bg7 21.
Nxg7 Kxg7 22. g4 fxg4+ 23. hxg4 Rd5 24. Rc7 R8d7 25. Rc8 Rd8 26. Rxd8 Rxd8 27.
Rc1 Rd6 28. b3 h6 29. Rc7 Nd7 30. Ke2 Nf6 31. Kf3 Nd5 32. Ra7 Nb4 33. a3 Nc6 34.
Nxc6 Rxc6 35. b4 Kg6 36. Ke4 f5+ 37. Kf3 fxg4+ 38. Kxg4 Rc3 39. Rxa6 Rxe3 40.
f5+ Kf6 41. fxe6 Rxe6 42. Ra5 Re3 43. Rxb5 Rxa3 44. Rb6+ Ke5 45. Rxh6 Kd5 46. b5
Rb3 47. b6 Kc5 48. Kf4 Rxb6 49. Rxb6 Kxb6 1/2-1/2

[Event "CrunchLab Masters Div 3 W"]
[Site "chess.com INT"]
[Date "2024.07.19"]
[Round "1.3"]
[White "Blohberger, Felix"]
[Black "Santos Latasa, Jaime"]
[Result "0-1"]
[WhiteTitle "GM"]
[BlackTitle "GM"]
[WhiteElo "2527"]
[BlackElo "2631"]
[WhiteFideId "1632051"]
[BlackFideId "2293307"]
[EventDate "2024.07.19"]
[EventType "k.o."]

1. d4 Nf6 2. Nf3 d5 3. c3 e6 4. Bg5 h6 5. Bxf6 Qxf6 6. Nbd2 c5 7. e4 Nc6 8. Bb5
Bd7 9. O-O cxd4 10. cxd4 dxe4 11. Nxe4 Qf4 12. Re1 Bb4 13. Re3 O-O 14. a3 Be7
15. g3 Qc7 16. Rc1 Rad8 17. Bf1 Qb8 18. b4 a6 19. Nc5 Be8 20. Bd3 Bf6 21. Nb3
Ne7 22. Bb1 Nf5 23. Rec3 Bc6 24. Rxc6 bxc6 25. Rxc6 Rd6 26. Rc5 Ne7 27. Qc2 g6
28. h4 Qa8 29. Qe2 h5 30. Be4 Qb8 31. Qc4 Rfd8 32. Kg2 Kg7 33. Qc2 Nf5 34. Bxf5
exf5 35. Qc4 R8d7 36. Na5 Qe8 37. Nc6 Qe4 38. Ne5 Rxd4 39. Qxa6 Re7 40. Nc6 Rd3
41. Qxd3 Qxd3 42. Nxe7 Bxe7 43. Rc7 Bf6 44. a4 Qb3 45. b5 f4 46. b6 Qxb6 0-1

[Event "CrunchLab Masters Div 3 W"]
[Site "chess.com INT"]
[Date "2024.07.19"]
[Round "1.3"]
[White "Bok, Benjamin"]
[Black "Meier, Georg"]
[Result "1/2-1/2"]
[WhiteTitle "GM"]
[BlackTitle "GM"]
[WhiteElo "2587"]
[BlackElo "2591"]
[WhiteFideId "1017063"]
[BlackFideId "4675789"]
[EventDate "2024.07.19"]
[EventType "k.o."]

1. c4 b6 2. g3 Bb7 3. Nf3 c5 4. Bg2 Nf6 5. O-O e6 6. Nc3 d6 7. d4 cxd4 8. Qxd4
a6 9. Rd1 Nbd7 10. Ng5 Bxg2 11. Kxg2 Be7 12. Nge4 O-O 13. Nxd6 Qc7 14. Nde4 Rfd8
15. Nxf6+ Bxf6 16. Qe4 Ne5 17. Rxd8+ Rxd8 18. b3 b5 19. Bf4 bxc4 20. Rc1 cxb3
21. axb3 g5 22. Na4 Qb8 23. Bxe5 Qxe5 24. Qxe5 Bxe5 25. Rc6 Rd6 26. Rxd6 Bxd6
27. g4 Kf8 28. h3 Ke7 29. Kf3 Kd7 30. Nb2 Kc6 31. Ke4 Kb5 32. Nd3 f6 33. Kd4 Bc7
34. f3 Bb6+ 35. Kc3 Be3 36. Kc2 Bd4 37. Kd2 Kc6 38. Nb4+ Kb5 39. Nd3 Kc6 40.
Nb4+ Kb5 41. Nd3 1/2-1/2

[Event "CrunchLab Masters Div 3 W"]
[Site "chess.com INT"]
[Date "2024.07.19"]
[Round "1.3"]
[White "Bortnyk, Olexandr"]
[Black "Ivic, Velimir"]
[Result "1-0"]
[WhiteTitle "GM"]
[BlackTitle "GM"]
[WhiteElo "2608"]
[BlackElo "2592"]
[WhiteFideId "14120828"]
[BlackFideId "950122"]
[EventDate "2024.07.19"]
[EventType "k.o."]

1. d4 Nf6 2. Nc3 d5 3. Bf4 e6 4. Nb5 Na6 5. e3 Be7 6. Nf3 O-O 7. Ne5 Ne4 8. f3
Nf6 9. a3 c5 10. c3 Nh5 11. Bg3 f6 12. Nd3 Nxg3 13. hxg3 Bd7 14. a4 Qb6 15. Qc2
g6 16. Nf4 f5 17. Be2 c4 18. Kf2 Bxb5 19. axb5 Nc7 20. b3 e5 21. dxe5 g5 22. Nh5
Bc5 23. Nf6+ Rxf6 24. exf6 Bxe3+ 25. Kf1 Qxf6 26. bxc4 Re8 27. cxd5 Kh8 28. Rd1
Qe5 29. d6 Nd5 30. Bc4 Nb6 31. Bd3 Nd5 32. d7 Rd8 33. Bxf5 Bb6 34. Rxh7+ Kg8 35.
Be6+ Qxe6 36. Rxd5 1-0

[Event "CrunchLab Masters Div 3 W"]
[Site "chess.com INT"]
[Date "2024.07.19"]
[Round "1.3"]
[White "Dragun, Kamil"]
[Black "Dubov, Daniil"]
[Result "1-0"]
[WhiteTitle "GM"]
[BlackTitle "GM"]
[WhiteElo "2528"]
[BlackElo "2701"]
[WhiteFideId "1134167"]
[BlackFideId "24126055"]
[EventDate "2024.07.19"]
[EventType "k.o."]

1. e4 e5 2. Nf3 Nc6 3. Bc4 Nf6 4. Ng5 d5 5. exd5 Na5 6. Bb5+ Bd7 7. Qe2 Bd6 8.
Nc3 c6 9. dxc6 Nxc6 10. Nce4 Be7 11. c3 Nd5 12. d4 O-O 13. Bc4 Bf5 14. Qf3 Bxe4
15. Nxe4 Nb6 16. Bb3 exd4 17. Bf4 dxc3 18. bxc3 Na5 19. Bc2 Qd5 20. O-O f5 21.
Nd2 Qxf3 22. Nxf3 Nd5 23. Be5 Nc4 24. Bb3 Rac8 25. Rfd1 Rfd8 26. Rd4 b5 27. a4
a6 28. axb5 axb5 29. Rad1 Ndb6 30. Rxd8+ Rxd8 31. Rxd8+ Bxd8 32. Nd4 Kf8 33. Bb8
Bf6 34. Nxb5 Be5 35. Ba7 g6 36. Na3 Nd2 37. Ba2 Na4 38. Nb5 Nxc3 39. Bc5+ Kg7
40. Nxc3 Bxc3 41. f3 Be5 42. Be3 Nxf3+ 43. gxf3 Bb2 44. Kg2 Kf6 45. f4 Ba1 46.
Kf3 Bb2 47. Ke2 Ba1 48. h3 Bb2 49. Bf2 Ba1 50. Bh4+ Kg7 51. Be7 Bf6 52. Bd6 Bh4
53. Be5+ Kh6 54. Bg8 Be7 55. Kd3 Bf8 56. Kd4 Ba3 57. Kd5 Bc1 58. Ke6 g5 59. Kxf5
gxf4 60. Bd5 Bd2 61. Bf3 Bc1 62. Bf6 Bd2 63. Be7 Kg7 64. h4 Bc3 65. h5 h6 66.
Kxf4 Ba1 67. Kf5 Bb2 68. Ke6 Ba1 69. Kd7 Bb2 70. Ke8 Bc3 71. Bf8+ Kh7 72. Be4+
Kh8 73. Bxh6 Bb2 74. Kf7 Bc3 75. Bf8 Bb2 76. h6 Bc3 77. Bg7+ Bxg7 78. hxg7# 1-0

[Event "CrunchLab Masters Div 3 W"]
[Site "chess.com INT"]
[Date "2024.07.19"]
[Round "1.3"]
[White "Erigaisi, Arjun"]
[Black "Samadov, Read"]
[Result "1/2-1/2"]
[WhiteTitle "GM"]
[BlackTitle "IM"]
[WhiteElo "2778"]
[BlackElo "2503"]
[WhiteFideId "35009192"]
[BlackFideId "13417444"]
[EventDate "2024.07.19"]
[EventType "k.o."]

1. d4 Nf6 2. c4 e6 3. Nf3 d5 4. Nc3 Nbd7 5. Bg5 h6 6. Bh4 c6 7. e3 g5 8. Bg3 Nh5
9. cxd5 exd5 10. Qc2 Nxg3 11. hxg3 Bg7 12. Bd3 Nb6 13. O-O-O Be6 14. Ne5 Qe7 15.
f4 O-O-O 16. Kb1 Kb8 17. Rdf1 Rhe8 18. a3 Bc8 19. Re1 f6 20. Nf3 Qd6 21. a4 a5
22. Nd2 Qb4 23. b3 Re7 24. Na2 Qd6 25. Qc3 Rde8 26. Bg6 Rf8 27. Qxa5 Nd7 28. Bf5
Rfe8 29. Qc3 Qa3 30. Re2 c5 31. Rhe1 cxd4 32. Qxd4 Nc5 33. g4 Nxb3 34. Nxb3
Qxb3+ 35. Rb2 Qc4 36. Nb4 Bxf5+ 37. gxf5 Qxd4 38. Nc6+ Ka8 39. Nxd4 gxf4 40. Ne6
fxe3 41. Rxe3 Rc8 42. Rb5 Rd7 43. Rg3 Bh8 44. Rd3 Bg7 45. Rbxd5 Rxd5 46. Rxd5
Bf8 47. Kb2 Bb4 48. Kb3 Be1 49. Rd8 Kb8 50. Rxc8+ Kxc8 51. Kc4 Kd7 52. Kd5 b6
53. g4 Bb4 54. Nf4 Bd2 55. Nd3 Bc3 56. Nc1 Bd2 57. Ne2 Be1 58. Nd4 Bc3 59. Nb5
Be5 60. Na3 Bg3 61. Nc4 Bc7 62. Na3 Bg3 63. Nc4 Bc7 64. Na3 Bg3 1/2-1/2

[Event "CrunchLab Masters Div 3 W"]
[Site "chess.com INT"]
[Date "2024.07.19"]
[Round "1.3"]
[White "Kamsky, Gata"]
[Black "Iniyan, Pa"]
[Result "0-1"]
[WhiteTitle "GM"]
[BlackTitle "GM"]
[WhiteElo "2615"]
[BlackElo "2533"]
[WhiteFideId "2000024"]
[BlackFideId "25002767"]
[EventDate "2024.07.19"]
[EventType "k.o."]

1. e4 c5 2. Nf3 d6 3. Nc3 a6 4. a4 e6 5. g3 Nf6 6. Bg2 Qc7 7. O-O Be7 8. d3 O-O
9. Ng5 h6 10. Nh3 Nc6 11. f4 Rb8 12. g4 Nd7 13. g5 hxg5 14. Nxg5 Bxg5 15. fxg5
g6 16. h4 Nde5 17. h5 b5 18. axb5 axb5 19. h6 Qe7 20. Be3 b4 21. Ne2 Ng4 22. Qd2
Nxe3 23. Qxe3 e5 24. c3 bxc3 25. bxc3 Bg4 26. Ng3 Rb2 27. Rf6 Rfb8 28. Raf1 Rb1
29. Qf2 Nd8 30. Rxb1 Rxb1+ 31. Nf1 Rc1 32. Qd2 Rd1 33. Qe3 Ne6 34. Kh2 Nf4 35.
Qg3 Be6 36. Ne3 Rxd3 37. Qf2 c4 38. Bf3 Qa7 39. h7+ Kh8 0-1

[Event "CrunchLab Masters Div 3 W"]
[Site "chess.com INT"]
[Date "2024.07.19"]
[Round "1.3"]
[White "L'Ami, Erwin"]
[Black "Dreev, Aleksey"]
[Result "1-0"]
[WhiteTitle "GM"]
[BlackTitle "GM"]
[WhiteElo "2635"]
[BlackElo "2595"]
[WhiteFideId "1007998"]
[BlackFideId "4100107"]
[EventDate "2024.07.19"]
[EventType "k.o."]

1. d4 Nf6 2. c4 d6 3. Nc3 Bf5 4. Nf3 g6 5. e3 Bg7 6. Bd3 Bxd3 7. Qxd3 O-O 8. O-O
Nbd7 9. b3 e6 10. e4 Re8 11. Bb2 c6 12. Rad1 Qc7 13. Rfe1 Nh5 14. Qc2 Rac8 15.
Ne2 a6 16. Ng3 Nxg3 17. hxg3 e5 18. dxe5 dxe5 19. c5 Nf8 20. Rd6 b5 21. Red1 f6
22. b4 Qf7 23. Qb3 Qxb3 24. axb3 Kf7 25. Ra1 Re6 26. Rxe6 Kxe6 27. Rxa6 Bh6 28.
Kf1 Nd7 29. Ke2 f5 30. exf5+ gxf5 31. Ra1 Bf8 32. Ng5+ Ke7 33. Nxh7 Bh6 34. Rh1
Bg7 35. Ng5 Ra8 36. Ra1 Rh8 37. Ra7 Rh1 38. Nf3 Kd8 39. Ra8+ Kc7 40. Ra7+ Kc8
41. Ra8+ Kb7 42. Ra1 Rh8 43. Nh4 Rf8 44. Rd1 Kc7 45. Rd6 Rf7 46. Rg6 Bf8 47. Rg5
f4 48. Nf5 fxg3 49. fxg3 e4 50. g4 Nb8 51. Rg6 Na6 52. Bc3 Kd7 53. Ke3 Nc7 54.
Kxe4 Nd5 55. Bd2 Rh7 56. Kf3 Rh1 57. Rg8 Be7 58. Ne3 Nc7 59. Rg7 Ne6 60. Rg8 Rb1
61. Nf5 Rxb3+ 62. Ke2 Rb2 63. Kd3 Rb1 64. Ra8 Bf6 65. Ra7+ Kd8 66. Ra8+ Kc7 67.
Ra7+ Kb8 68. Rf7 Ba1 69. g5 Rg1 70. g3 Rf1 71. g6 Rg1 72. Re7 Nc7 73. g7 Bxg7
74. Rxg7 Nd5 75. Ne7 Nxe7 76. Rxe7 Rxg3+ 77. Be3 1-0

[Event "CrunchLab Masters Div 3 W"]
[Site "chess.com INT"]
[Date "2024.07.19"]
[Round "1.3"]
[White "Lazavik, Denis"]
[Black "Kuzubov, Yuriy"]
[Result "1/2-1/2"]
[WhiteTitle "GM"]
[BlackTitle "GM"]
[WhiteElo "2578"]
[BlackElo "2606"]
[WhiteFideId "13515110"]
[BlackFideId "14112906"]
[EventDate "2024.07.19"]
[EventType "k.o."]

1. d4 Nf6 2. Nf3 e6 3. Bf4 b6 4. e3 Bb7 5. Bd3 Be7 6. h3 d5 7. Nbd2 Nbd7 8. c3
Ne4 9. O-O O-O 10. Qe2 Bd6 11. Rfe1 Ndf6 12. Ne5 Nxd2 13. Qxd2 Ne4 14. Qe2 f6
15. Nf3 e5 16. Bh2 Nxc3 17. bxc3 e4 18. Bxd6 Qxd6 19. Bc2 exf3 20. Qxf3 c5 21.
a4 Rac8 22. Bf5 Rc7 23. Reb1 Bc6 24. a5 b5 25. dxc5 Qxc5 26. Qf4 Bd7 27. Bc2 a6
28. Bb3 Be6 29. Rc1 Bf7 30. Bc2 Qe7 31. Bd3 Qe5 32. Qb4 Rfc8 33. Ra3 Qe7 34.
Qxe7 Rxe7 35. Kf1 Bg6 36. Be2 Rc5 37. Ke1 Rec7 38. Rb3 Bf7 39. Kd2 d4 40. exd4
Bxb3 41. dxc5 Rxc5 42. Re1 Kf7 43. Bg4 Bd5 44. g3 g6 45. h4 f5 46. Bd1 Be4 47.
Bb3+ Kf6 48. Re3 Bd5 49. Bc2 Bf7 50. Rd3 Ke7 51. Rd4 Be6 52. Bd1 Bd5 53. Be2 h6
54. Bd1 g5 55. hxg5 hxg5 56. Bc2 Kf6 57. Bd3 g4 58. Rf4 Be6 59. Be2 Ke5 60. Rd4
Rd5 61. Rxd5+ Bxd5 62. Ke3 Bc4 63. Bd1 Bd5 64. Bc2 Bc4 65. f3 gxf3 66. Kxf3 Bd5+
67. Ke3 Bc4 68. Bd1 Bd5 69. Be2 Bc4 70. Bf3 Bd5 71. Bh5 Bc6 72. Bf7 Bd5 73. Be8
Be6 74. Bc6 Bc8 75. Kd3 Kd6 76. Bf3 Kc5 77. Bg2 b4 78. c4 Be6 79. Kc2 Bxc4 80.
Bh3 Be6 81. Bf1 Bc4 82. Bh3 Be6 83. Bf1 Bc4 84. Bh3 1/2-1/2

[Event "CrunchLab Masters Div 3 W"]
[Site "chess.com INT"]
[Date "2024.07.19"]
[Round "1.3"]
[White "Paravyan, David"]
[Black "Klekowski, Maciej"]
[Result "1-0"]
[WhiteTitle "GM"]
[BlackTitle "GM"]
[WhiteElo "2608"]
[BlackElo "2463"]
[WhiteFideId "4194985"]
[BlackFideId "1132717"]
[EventDate "2024.07.19"]
[EventType "k.o."]

1. e4 c5 2. Nf3 e6 3. d4 cxd4 4. Nxd4 Nc6 5. Nc3 a6 6. Bf4 d6 7. Nxc6 bxc6 8. h4
e5 9. Bg5 Qb6 10. Bc4 Qxb2 11. Qf3 Qb7 12. Rb1 Qc7 13. h5 h6 14. Bh4 Nf6 15.
Bxf6 gxf6 16. Qxf6 Rh7 17. O-O Rg7 18. f4 Qa7+ 19. Kh1 Qd4 20. Nd5 Bh3 21. Rb7
cxd5 22. Bxd5 Bxg2+ 23. Kh2 Qxd5 24. exd5 Bxf1 25. fxe5 Rc8 26. c4 Bxc4 27. e6
fxe6 28. Qxe6+ Kd8 29. Qf6+ Ke8 30. Rxg7 Bxg7 31. Qe6+ Kd8 32. Qxd6+ Ke8 33.
Qe6+ Kd8 34. Qg8+ Kd7 35. Qxg7+ Kd6 36. Qxh6+ Kxd5 37. Qg7 Kd6 38. h6 Bg8 39.
Kg3 Kc6 40. a3 Kb6 41. Kf2 Rc2+ 42. Ke3 Rc8 43. Kd2 Rc6 44. Qxg8 Rxh6 45. Qg1+
Kc6 46. Qg2+ Kb6 47. Qf2+ Kb5 48. Qf5+ Kb6 49. Qf2+ Kb5 50. a4+ Kc6 51. Qf3+ Kd7
52. Qb7+ Kd8 53. Kd3 Rd6+ 54. Kc4 Rh6 55. Qf7 Rd6 56. Kc5 Rd7 57. Qf6+ 1-0

[Event "CrunchLab Masters Div 3 W"]
[Site "chess.com INT"]
[Date "2024.07.19"]
[Round "1.3"]
[White "Puranik, Abhimanyu"]
[Black "Hakobyan, Aram"]
[Result "0-1"]
[WhiteTitle "GM"]
[BlackTitle "GM"]
[WhiteElo "2634"]
[BlackElo "2617"]
[WhiteFideId "5061245"]
[BlackFideId "13306677"]
[EventDate "2024.07.19"]
[EventType "k.o."]

1. e4 e6 2. d4 d5 3. Nd2 c5 4. Ngf3 cxd4 5. Nxd4 Nc6 6. Bb5 Bd7 7. Nxc6 bxc6 8.
Bd3 Bd6 9. Qe2 Qc7 10. Nf3 dxe4 11. Qxe4 Nf6 12. Qh4 c5 13. O-O Bc6 14. Nd2 g5
15. Qh3 Bf4 16. Nc4 O-O-O 17. Bxf4 gxf4 18. Rae1 Rhg8 19. f3 Rg5 20. Qh6 Rdg8
21. Re2 Qd8 22. Rff2 Qd4 23. Rd2 Rxg2+ 24. Kf1 Rg1+ 25. Ke2 Qxf2+ 0-1

[Event "CrunchLab Masters Div 3 W"]
[Site "chess.com INT"]
[Date "2024.07.19"]
[Round "1.3"]
[White "Sargsyan, Shant"]
[Black "Sindarov, Javokhir"]
[Result "1-0"]
[WhiteTitle "GM"]
[BlackTitle "GM"]
[WhiteElo "2649"]
[BlackElo "2674"]
[WhiteFideId "13306766"]
[BlackFideId "14205483"]
[EventDate "2024.07.19"]
[EventType "k.o."]

1. d4 Nf6 2. Nf3 g6 3. Nc3 d5 4. Bf4 Bg7 5. Nb5 Na6 6. e3 O-O 7. h3 Re8 8. Be2
c6 9. Nc3 b6 10. O-O Bb7 11. a4 c5 12. Nb5 Nd7 13. Bh2 Ndb8 14. Ne5 Nd7 15. Nf3
Ndb8 16. Ne5 Nd7 17. Nxd7 Qxd7 18. c3 e5 19. Bf3 Nc7 20. Nxc7 Qxc7 21. a5 cxd4
22. exd4 bxa5 23. Re1 Bc6 24. dxe5 Bxe5 25. Rxe5 Rxe5 26. Bxe5 Qxe5 27. Rxa5 Qc7
28. Rc5 Qb6 29. b4 a5 30. Bxd5 Bxd5 31. Qxd5 Rd8 32. Qc6 Qb8 33. g3 axb4 34. Rb5
Qa7 35. cxb4 Qe7 36. Kg2 Qe1 37. Qc7 Qe4+ 38. Kh2 Re8 39. Rb8 Rxb8 40. Qxb8+ Kg7
41. Qb6 h5 42. h4 Qe5 43. Qe3 Qd5 44. Qc3+ Kh7 45. Qc5 Qf3 46. b5 g5 47. hxg5 h4
48. b6 hxg3+ 49. fxg3 Qe2+ 50. Kh3 Qh5+ 51. Kg2 Qe2+ 52. Qf2 Qe4+ 53. Kh2 Kg8
54. Qb2 Qh7+ 55. Kg1 Qd3 56. Kf2 Qf5+ 57. Kg2 Qe4+ 58. Kh2 Qh7+ 59. Kg1 Qd3 60.
Qf6 Qb1+ 61. Kf2 Qc2+ 62. Ke3 Qb3+ 63. Kd4 Qb4+ 64. Kd5 Qb5+ 65. Ke4 Qc4+ 66.
Kf3 Qb3+ 67. Kg2 Qc2+ 68. Qf2 Qe4+ 69. Qf3 Qc2+ 70. Kh3 Qc8+ 71. g4 Qc5 72. b7
Qb6 73. Kg3 Qd6+ 74. Kg2 Qb6 75. Qd5 Qb2+ 76. Kf3 Qc3+ 77. Ke4 Qb4+ 78. Kd3 Qa3+
79. Kc4 Qa4+ 80. Kc5 1-0

[Event "CrunchLab Masters Div 3 W"]
[Site "chess.com INT"]
[Date "2024.07.19"]
[Round "1.3"]
[White "Vokhidov, Shamsiddin"]
[Black "Svane, Rasmus"]
[Result "0-1"]
[WhiteTitle "GM"]
[BlackTitle "GM"]
[WhiteElo "2643"]
[BlackElo "2633"]
[WhiteFideId "14204223"]
[BlackFideId "4657101"]
[EventDate "2024.07.19"]
[EventType "k.o."]

1. e4 e5 2. Nf3 Nc6 3. Bc4 Bc5 4. d3 Nf6 5. O-O h6 6. c3 d6 7. b4 Bb6 8. a4 a6
9. Re1 O-O 10. h3 Ne7 11. Bb3 Ng6 12. Nbd2 c6 13. Nc4 Bc7 14. a5 Be6 15. Be3
Bxc4 16. Bxc4 d5 17. exd5 cxd5 18. Bb3 Bd6 19. Qd2 Rc8 20. Bb6 Bc7 21. Be3 Bd6
22. Rac1 Qd7 23. Qa2 e4 24. dxe4 dxe4 25. Nd2 Qf5 26. Bd4 Be5 27. Bc5 Nf4 28.
Bxf8 Rxf8 29. Nf1 Qg5 30. Ne3 Nxh3+ 31. Kf1 Nf4 32. Bc4 Qh5 33. Kg1 Ne2+ 34. Kf1
Nxc1 0-1